000 00574nam a2200181 a 4500
001 000036362
005 20200930075705.0
008 120116s1982 mx 000 0 spa d
040 _aDO-SdBNP
_bspa
_cBNPHU
100 1 _aLópez Alonso, Guillermo
_962549
245 1 0 _aFundamentos de anestesiología /.
260 _aMéxico :
_bLa prensa Médica Mexicana,
_c1982.
300 _a320 p. :
_bil. ;
_c29 cm.
500 _aIncluye referencias bibliográficas y notas al pie de la páginas
500 _a4a reimpresión 1982
500 _aTextos a dos columnas
049 _aBNPD
999 _c35853
_d35853